00748cam a22002054a 4500008004100000020002500041020002500066245017000091260003800261300004000299500002000339504004100359650003300400650002600433650003500459700002100494003000100515005001700516040000900533  a9781844076970 (hbk.) a9781849711548 (pbk.)00aAssessing vulnerability to global environmental change :bmaking research useful for adaptation, decision making and policy /cedited by Anthony G. Patt ... [et al.] aSterling, VA :bEarthscan,c2009. axxv, 258 p. :bill., maps ;c24 cm. aIncludes index. aIncludes bibliographical references. 0aGlobal environmental change. 0aEnvironmental policy. 0aEnvironmental risk assessment.1 aPatt, Anthony G.20230123141116.0 cNUST